LEADER 01577nam 2200373 n 450 001 996389873203316 005 20200824121524.0 035 $a(CKB)1000000000649539 035 $a(EEBO)2240926264 035 $a(UnM)99836094e 035 $a(UnM)99836094 035 $a(EXLCZ)991000000000649539 100 $a19900827d1638 uy | 101 0 $aeng 135 $aurbn||||a|bb| 200 04$aThe cure of all sorts of fevers$b[electronic resource] $eboth generall, and particular, with their definition, kindes, differences, causes, signes, prognostication, and manner of cure, with a prespectation, their intentions curative, with their symptoms, and divers other things herein very necessarie to be judiciously observed in every fever. Lately compiled by Ed. Edvvards Doctor in Physick. Ann. Dom. 1637 210 $aLondon $cPrinted by Thomas Harper, and are to be sold by William Sheeres, at his shop in Bedford-street over against the New-Exchange$d1638 215 $a[8], 53, [3] p 300 $aIn outline form. 300 $aWith a final imprimatur leaf. 300 $aRunning title reads: A discourse of all sorts of fevers. 300 $aReproduction of the original in the British Library. 330 $aeebo-0018 606 $aFever$vOutlines, syllabi, etc 615 0$aFever 700 $aEdwards$b Edward$cdoctor in physick.$0184409 801 0$bCu-RivES 801 1$bCu-RivES 801 2$bCStRLIN 801 2$bWaOLN 906 $aBOOK 912 $a996389873203316 996 $aThe cure of all sorts of fevers$92411020 997 $aUNISA LEADER 02708nam0 2200517 i 450 001 VAN00124849 005 20240806100817.455 017 70$2N$a9783319664569 100 $a20191025d2018 |0itac50 ba 101 $aeng 102 $aCH 105 $a|||| ||||| 200 1 $aMethods for Partial Differential Equations$eQualitative Properties of Solutions, Phase Space Analysis, Semilinear Models$fMarcelo R. Ebert, Michael Reissig 210 $aCham$cBirkhäuser$d2018 215 $axix, 479 p.$d24 cm 500 1$3VAN00236370$aMethods for Partial Differential Equations$91563658 606 $a35-XX$xPartial differential equations [MSC 2020]$3VANC019763$2MF 606 $a35Axx$xGeneral topics in partial differential equations [MSC 2020]$3VANC022828$2MF 606 $a35Bxx$xQualitative properties of solutions to partial differential equations [MSC 2020]$3VANC022349$2MF 606 $a35Exx$xPartial differential equations and systems of partial differential equations with constant coefficients [MSC 2020]$3VANC026749$2MF 606 $a35Fxx$xGeneral first-order partial differential equations and systems of first-order partial differential equations [MSC 2020]$3VANC025989$2MF 606 $a35Jxx$xElliptic equations and elliptic systems [MSC 2020]$3VANC022717$2MF 606 $a35Kxx$xParabolic equations and parabolic systems [MSC 2020]$3VANC020301$2MF 606 $a35Lxx$xHyperbolic equations and hyperbolic systems [MSC 2020]$3VANC022749$2MF 610 $aAbsorbing non-linearity$9KW:K 610 $aBlow-up behavior$9KW:K 610 $aEnergy method$9KW:K 610 $aGlobal existence of small data solutions$9KW:K 610 $aHyperbolic systems$9KW:K 610 $aPartial Differential Equations$9KW:K 610 $aPotential theory$9KW:K 610 $aRegularity results$9KW:K 610 $aSource non-linearity$9KW:K 610 $aWell-posedness of mixed problems and Cauchy problems$9KW:K 620 $aCH$dCham$3VANL001889 700 1$aEbert$bMarcelo R.$3VANV096279$0767848 701 1$aReissig$bMichael$3VANV075077$0498638 712 $aBirkhäuser $3VANV108193$4650 801 $aIT$bSOL$c20250411$gRICA 856 4 $uhttp://doi.org/10.1007/978-3-319-66456-9$zE-book ? Accesso al full-text attraverso riconoscimento IP di Ateneo, proxy e/o Shibboleth 899 $aBIBLIOTECA DEL DIPARTIMENTO DI MATEMATICA E FISICA$1IT-CE0120$2VAN08 912 $fN 912 $aVAN00124849 950 $aBIBLIOTECA DEL DIPARTIMENTO DI MATEMATICA E FISICA$d08DLOAD e-book 1248 $e08eMF1248 20191025 996 $aMethods for Partial Differential Equations$91563658 997 $aUNICAMPANIA